000 00608 a2200181 4500
020 _a0566027194
020 _a9780566027192
082 0 4 _a658.407124
090 _c2551
_d2551
100 1 _aMumford, Alan.
245 1 0 _aDeveloping top managers /
_cAlan Mumford.
260 _a[S.l.] :
_bGower Publishing Company,
_c1988.
300 _a242 p. ;
_c22 cm.
500 _aHardcover.
856 4 0 _3Amazon.com
_uhttp://www.amazon.com/exec/obidos/ASIN/0566027194/chopaconline-20
856 4 0 _3Amazon customer reviews
_uhttp://www.chopac.org/cgi-bin/tools/azrev.pl?q=0566027194
942 _aNBS
_cBK
_k658.407124 MUM
999 _c345046
_d345046